01014nam a22003017a 4500999001700000003000900017005001700026008004100043020001500084020001800099040004300117082002100160100003400181245003300215250002300248264004600271300002300317336002600340337002800366338002700394490001000421650004700431651003400478653002300512655002400535942001200559952014100571 c15580d15580EG-ScBUE20210321113432.0110608r20001981enk f 000 d eng d a0571117422 a9780571117420 aEG-ScBUEbengerdacEG-ScBUEdEG-ScBUE04a822.914bFRI2221 924991aFriel, Brian,eauthor.10aTranslations /cBrian Friel. aReprinted edition. 1aLondon :bFaber and Faber Limited,c2000. a94 pages ;c20 cm. 2rdacontentatextbtxt 2rdamediaaunmediatedbn 2rdacarrieravolumebnc0 aPlays 7924969aEnglish dramay20th century.2BUEsh 7924990aIrelandxDrama.2BUEsh cJune2011bHHUUEENN vReading book934232 2ddccBB 00102ddc40708 aMAINbMAINc2NDd2011-06-08epurchaseg100.00h12344l0o822.914 FRIp000024081r2025-07-15 00:00:00w2011-06-08yBB